Koleksi simpulan bahasa dinamik

Bibliographic Details
Format: Book
Published: Selangor : Penerbitan Prestasi Cemerlang Sdn. Bhd. , 2019
Subjects:

MARC

LEADER 00000cam a2200000 7i4500
001 0000085706
005 20201105.0
008 201017
020 |a 9789671707043 
041 0 |a Malay 
090 0 0 |a EDU   |b MAL 
245 1 0 |a Koleksi simpulan bahasa dinamik   |c Sulaiman Zakaria 
260 |a Selangor :   |b Penerbitan Prestasi Cemerlang Sdn. Bhd. ,   |c 2019 
300 |a 120 p. :   |b ill. ;   |c 28 cm. 
500 |a Children ages 10-12 years old (pink) 
541 0 0 |c Purchased on 2020   |f 157/2020 ABR   |h RM12.99 
650 0 |a Education   |x Juvenile literature 
999 |a 0001632866   |b Book   |c Children Collection   |e Cawangan Taman Universiti 
999 |a 0001632867   |b Book   |c Children Collection   |e Cawangan Batu Pahat 
999 |a 0001632868   |b Book   |c Children Collection   |e Cawangan Pontian 
999 |a 0001632870   |b Book   |c Children Collection   |e Cawangan Bandar Tenggara 
999 |a 0001632871   |b Book   |c Children Collection   |e Cawangan Bukit Gambir 
999 |a 0001632872   |b Book   |c Children Collection   |e Cawangan Muar 
999 |a 0001632873   |b Book   |c Children Collection   |e Cawangan Bandar Penawar 
999 |a 0001632874   |b Book   |c Children Collection   |e Cawangan Segamat 
999 |a 0001632875   |b Book   |c Banned Items   |e Cawangan Taman Sri Lambak 
999 |a 0001632876   |b Book   |c Children Collection   |e Cawangan Kota Tinggi 
999 |a 0001632877   |b Book   |c Children Collection   |e Cawangan Mersing 
999 |a 0001632878   |b Book   |c Children Collection   |e Cawangan Tangkak 
999 |a 0001632879   |b Book   |c Children Collection   |e Cawangan Tmn. Ungku Tun Aminah 
999 |a 0001632950   |b Book   |c Children Collection   |e Perbadanan Perpustakaan Awam Johor 
999 |a 0001632951   |b Book   |c Children Collection   |e Cawangan Urban Transformation Centre 
999 |a 0001632952   |b Book   |c Children Collection   |e Cawangan AEON Kulaijaya